Normal view
MARC view
Entry Personal Name
001 - CONTROL NUMBER
- control field: 13160
003 - CONTROL NUMBER IDENTIFIER
- control field: OSt
005 - DATE AND TIME OF LATEST TRANSACTION
- control field: 20200108154619.0
008 - FIXED-LENGTH DATA ELEMENTS
- fixed length control field: 200108|| aca||aabn | a|a d
040 ## - CATALOGING SOURCE
- Original cataloging agency: OSt
- Transcribing agency: OSt
100 ## - HEADING--PERSONAL NAME
- Personal name: Gershenfeld, Neil
670 ## - SOURCE DATA FOUND
- Source citation: Work cat.: (OSt): Gershenfeld, Neil, The Nature of Mathematical Modeling, 1999
